| 000 | 01408nam0a22002771 4500 | ||
|---|---|---|---|
| 001 | rc\4591261 | ||
| 005 | 20130416192548.1 | ||
| 021 |
_aRU _b[68-80242] |
||
| 035 | _a(NLR Aleph) 008661611 | ||
| 090 |
_a9064854 _c9064854 |
||
| 100 | _a20130416d1968 |||y0rusy50 ca | ||
| 101 | 0 | _arus | |
| 102 | _aRU | ||
| 105 | _aa c ||||| | ||
| 200 | 1 |
_aМетодические указания по закладке полевых опытов методом рендомизации _fМ-во сел. хоз-ва СССР. Глав. упр. с.-х. науки и пропаганды. Моск. ордена Ленина и ордена Трудового Красного Знамени с.-х. акад. им. К.А. Тимирязева |
|
| 210 |
_aМосква _cКолос _d1968 |
||
| 215 |
_a36 с. _cчерт. _d21 |
||
| 300 | _aНа обороте тит. л. сост.: доц. канд. с.-х. наук Б.А. Доспехов | ||
| 606 |
_aРастениеводство _xОпыты полевые _xСтатистические методы _2psbo |
||
| 702 | 1 |
_aДоспехов _bБ. А. _gБорис Александрович _4220 |
|
| 712 | 0 | 2 |
_aРоссийская сельскохозяйственная академия им. К. А. Тимирязева _3RU\NLR\AUTH\8817060 |
| 801 | 0 |
_aRU _bNLR _gpsbo |
|
| 801 | 1 |
_aRU _bELAR _2rusmarc |
|
| 852 |
_aNLR _j68-6/11828 |
||
| 942 | _cBOOK | ||
| 980 | _aNB | ||